[Event "SWE-chT 0405"]
[Site "Sweden"]
[Date "2005.??.??"]
[Round "10"]
[White "Jordas, Ingvar"]
[Black "Persson, Hakon"]
[Result "0-1"]
[WhiteElo "1783"]
[BlackElo "2364"]
[PlyCount "100"]
[EventDate "2004.11.05"]
[EventType "team"]
[EventRounds "11"]
[EventCountry "SWE"]
[SourceTitle "EXT 2006"]
[Source "ChessBase"]
[SourceDate "2005.11.24"]
[SourceVersion "1"]
[SourceVersionDate "2005.11.24"]
[SourceQuality "1"]
[WhiteTeam "Passanten"]
[BlackTeam "Lund"]
[WhiteTeamCountry "SWE"]
[BlackTeamCountry "SWE"]

1. e4 d5 2. exd5 Qxd5 3. Nc3 Qa5 4. b4 Qxb4 5. Rb1 Qd6 6. g3 Nf6 7. Bg2 Nc6 8. Nge2 a6 9. 0-0 e6 10. Rb3 Qd7 11. Ne4 Nxe4 12. Bxe4 Bd6 13. d4 0-0 14. c4 Rb8 15. Qc2 f5 16. Bg2 Na5 17. Re3 b5 18. c5 Be7 19. Rd3 Nc4 20. Re1 Bf6 21. c6 Qf7 22. Nc3 Rd8 23. Be3 g6 24. Red1 Qg7 25. Ne2 Qe7 26. h4 Qg7 27. Nf4 Nxe3 28. Rxe3 Rd6 29. Red3 Bxd4 30. Qb3 Kh8 31. Kh2 e5 32. Nh3 Be6 33. Qc2 Bc4 34. R3d2 h6 35. h5 Rf8 36. Ng1 g5 37. Ne2 Bc5 38. Nc3 Qf7 39. Bd5 Qxh5+ 40. Kg2 f4 41. Rh1 f3+ 42. Kg1 Qg4 43. Ne4 Bb6 44. Bxc4 Rxd2 45. Qxd2 bxc4 46. Qd5 Bd4 47. Rxh6+ Kg7 48. Rh1 c3 49. Qd7+ Qxd7 50. Nxg5 Qxc6 0-1

[Event "SWE-chT 0405"]
[Site "Sweden"]
[Date "2005.??.??"]
[Round "9"]
[White "Mohammadi, Amir"]
[Black "Jordas, Ingvar"]
[Result "0-1"]
[WhiteElo "2244"]
[BlackElo "1783"]
[PlyCount "108"]
[EventDate "2004.11.05"]
[EventType "team"]
[EventRounds "11"]
[EventCountry "SWE"]
[SourceTitle "EXT 2006"]
[Source "ChessBase"]
[SourceDate "2005.11.24"]
[SourceVersion "1"]
[SourceVersionDate "2005.11.24"]
[SourceQuality "1"]
[WhiteTeam "Skara"]
[BlackTeam "Passanten"]
[WhiteTeamCountry "SWE"]
[BlackTeamCountry "SWE"]

1. e4 e5 2. Nf3 Nc6 3. Bc4 Bc5 4. Nc3 d6 5. Na4 Bb6 6. Nxb6 axb6 7. c3 Bg4 8. h3 Bh5 9. d3 h6 10. Qe2 g5 11. g4 Bg6 12. h4 Qd7 13. hxg5 Qxg4 14. Rh4 Qd7 15. Bb5 Qe7 16. gxh6 f6 17. Be3 Qh7 18. d4 Nge7 19. Bd2 0-0 20. Bc4+ Kh8 21. a3 exd4 22. cxd4 Rae8 23. d5 Nd8 24. 0-0-0 c6 25. Qd3 cxd5 26. Bxd5 Nxd5 27. Qxd5 Bxe4 28. Qb3 Nf7 29. Nd4 Ne5 30. Rh3 Rc8+ 31. Bc3 Qg6 32. Ne6 Rfe8 33. Rg3 Qxh6+ 34. Re3 Nd3+ 35. Kd2 Nxf2 36. Ke2 Nxd1 37. Qxd1 Rxe6 38. Qf1 Qh2+ 39. Ke1 Qh4+ 40. Kd2 Qh2+ 41. Kd1 Bf5 42. Qxf5 Qg1+ 43. Re1 Rxe1+ 44. Bxe1 Qd4+ 45. Bd2 Qa4+ 46. Ke2 Re8+ 47. Kd3 Qb3+ 48. Bc3 Qd1+ 49. Kc4 d5+ 50. Kb4 Re4+ 51. Kb5 Qa4+ 52. Kxb6 Qc6+ 53. Ka7 Qa6+ 54. Kb8 Re8+ 0-1